Estudiantes y política
Saved in:
| Format: | Bog |
|---|---|
| Sprog: | spansk |
| Udgivet: |
Santiago
CPU
1970
|
| Fag: | |
| Tags: |
Tilføj Tag
Ingen Tags, Vær først til at tagge denne postø!
|
MARC
| LEADER | 00000nam a2200000 a 4500 | ||
|---|---|---|---|
| 001 | UCY8904 | ||
| 003 | CL-VaPUC | ||
| 005 | 20230111165839.0 | ||
| 008 | 950707e19700000cl 1 spa d | ||
| 082 | 0 | 4 | |a 371.81 |b EST |2 21 |
| 245 | 1 | 0 | |a Estudiantes y política |
| 260 | |a Santiago |b CPU |c 1970 | ||
| 300 | |a 175 p | ||
| 583 | |a last modification |c 19950707 00:00:00 |k Rodrigo Vera | ||
| 650 | 0 | 0 | |a Estudiantes universitarios |9 334744 |
| 650 | 0 | 0 | |a Movimientos estudiantiles |9 338921 |
| 650 | 0 | 7 | |a PARTICIPACION POLITICA |2 CL-VaPUC |9 617302 |
| 650 | 0 | 7 | |a SOCIOLOGIA ESTUDIANTIL |2 CL-VaPUC |9 338191 |
| 650 | 0 | 0 | |a Universidades |9 256317 |
| 651 | 0 | |a América Latina |9 255027 | |
| 651 | 0 | |a Argentina |9 254888 | |
| 651 | 0 | |a Perú |9 256567 | |
| 651 | 0 | |a Venezuela |9 254993 | |
| 651 | 7 | |a CHILE |2 CL-VaPUC |9 617303 | |
| 651 | 0 | |a Estados Unidos |9 255178 | |
| 942 | |c BK | ||
| 945 | |a mfernand |d 19950707 00:00:00 | ||
| 546 | |a En Español | ||
| 536 | |a UNESCO | ||
| 518 | |p Seminario Internacional sobre Estudiantes Universitarios y Política, Viña del Mar, 10 - 20 de Mayo 1970 | ||
| 999 | |c 382418 |d 382416 | ||
| 952 | |0 0 |1 0 |4 0 |6 371_810000000000000_EST_1970 |7 0 |8 P |9 504096 |a BIBEDU |b BIBEDU |c BIBEDU_PB |d 2020-01-23 |i 1530798 |o 371.81 EST 1970 |p 1530798 |r 2024-01-25 |w 2020-01-23 |y BK |k EDU | ||